Les forces eternelles / (Record no. 113456)

MARC details
000 -LEADER
campo de control de longitud fija 00517nam a2200169 4500
001 - NÚMERO DE CONTROL
campo de control 113456
003 - IDENTIFICADOR DE NÚMERO DE CONTROL
campo de control ES-MaACL
007 - CAMPO FIJO DE DESCRIPCIÓN FÍSICA--INFORMACIÓN GENERAL
campo de control de longitud fija t|
008 - DATOS DE LONGITUD FIJA--INFORMACIÓN GENERAL
campo de control de longitud fija 061121s1920 fr r ||||1| fre d
100 0# - ENTRADA PRINCIPAL--NOMBRE DE PERSONA
Nombre de persona Noailles, Anne Elisabeth de Brancovan,
Títulos y otros términos asociados al nombre Comtesse de
9 (RLIN) 85795
245 14 - MENCIÓN DEL TÍTULO
Título Les forces eternelles /
Mención de responsabilidad, etc. Anne Elisabeth de Brancovan Noailles.
250 ## - MENCION DE EDICION
Mención de edición edition revue et corrigee.
260 ## - PUBLICACIÓN, DISTRIBUCIÓN, ETC.
Lugar de publicación, distribución, etc. Paris :
Nombre del editor, distribuidor, etc. A. Forgard,
Fecha de publicación, distribución, etc. 1920.
300 ## - DESCRIPCIÓN FÍSICA
Extensión 421 p. ;
Dimensiones 18 cm.
852 ## - LOCALIZACIÓN
Ubicación ES-MaACL
Número de control de estantería G-4604
Holdings
Estatus retirado Estado de pérdida Estado de daño No para préstamo Biblioteca de origen Biblioteca actual Ubicación en estantería Fecha de adquisición Fuente de adquisición Total de préstamos Signatura topográfica completa Código de barras Visto por última vez Precio de reemplazo Tipo de ítem Koha
        Biblioteca del Ateneo de Madrid Biblioteca del Ateneo de Madrid Depósito 2 17/01/2008     G-4604 1118331 23/02/2023 23/02/2023 Libro impreso